000 00664nam a2200205 i 4500
001 75523
003 ES-MaACL
007 t|
008 040924s1974 sp ||||1| spa d
100 1 _aGrenon, Michel.
_959945
245 1 3 _aLa crisis mundial de la energía /
_cMichel Grenon ; prólogo de Sicco Manshott ; [traductor, José Ortega Klein].
260 _aMadrid :
_bAlianza,
_c[1974]
300 _a272 p. ;
_c18 cm.
490 1 _aEl libro de bolsillo ;
_v525
700 1 _aManshott, Sicco.
_976118
700 1 _aOrtega Klein, José.
_987465
830 0 3 _aEl libro de bolsillo
_v525
_9177802
852 _aES-MaACL
_jE-7428
_bR.91672
999 _c75523
_d75523